Cold War Leaders - Statistics

General Stats
  • This quiz has been taken 839 times
  • The average score is 8 of 15
Answer Stats
Hint Answer % Correct
Leader of the Soviet Union, 1928-1953 Joseph Stalin
99%
President of the United States, 1945-1953 Harry S. Truman
91%
US president assassinated after the Cuban Missile Crisis John F. Kennedy
82%
US President who declared the USSR to be an 'Evil Empire' Ronald Reagan
73%
British Prime Minister known as the 'Iron Lady' Margaret Thatcher
72%
Leader of Yugoslavia until 1980 who threatened Stalin to stop assassins Josip Broz Tito
60%
Leader of the Khmer Rouge Pol Pot
58%
French President who left NATO and led the resistance during WW2 Charles de Gaulle
56%
Pro-US Cuban dictator until 1959 who was ousted by Fidel Castro Fulgencio Batista
55%
Soviet leader who tried to put nukes on Cuba Nikita Khrushchev
51%
Leader of the Chilean Coup in 1973 which ousted Allende's government Augusto Pinochet
39%
Egyptian leader who nationalized the Suez Canal Gamal Abdel Nasser
36%
'Paramount Leader' of China who initiated market reforms Deng Xiaoping
27%
East German leader who set up the Berlin Wall Walter Ulbricht
20%
Czechoslovak First Secretary responsible for the 'Prague Spring' Alexander Dubček
18%
No matching quizzes found
Score Distribution
Percent of People with Each Score
Percentile by Number Answered
Your Score History
You have not taken this quiz